Đối tượng của phản ánh nghệ thuật trong mỹ học Lukács /

Sparad:
Bibliografiska uppgifter
Huvudupphovsman: Trương Đăng Dung.
Materialtyp: Artikel
Språk:Vietnamese
Ämnen:
Taggar: Lägg till en tagg
Inga taggar, Lägg till första taggen!
Thư viện lưu trữ: Thư viện Trường Đại học Đà Lạt
LEADER 00790nam a2200265 4500
001 DLU170181471
005 ##20171025
040 # # |a DLU  |b vie 
041 # # |a vie 
044 # # |a vn 
100 # # |a Trương Đăng Dung. 
245 # # |a Đối tượng của phản ánh nghệ thuật trong mỹ học Lukács /  |c Trương Đăng Dung. 
653 # # |a Phản ánh nghệ thuật 
653 # # |a Triết học Mác - Lênin 
653 # # |m ỹ học Lukács 
773 # # |t Nghiên cứu văn học  |g Số 11(537), 2016, tr 71-81 
920 # # |a Phòng Tạp chí --Trung tâm Thông tin - Thư viện Trường Đại học Đà Lạt 
900 # # |a True 
911 # # |a Lê Thị Hồng 
925 # # |a G 
926 # # |a A 
927 # # |a BB 
980 # # |a Thư viện Trường Đại học Đà Lạt